| 000 | 00594pam a2200217 a 4500 | ||
|---|---|---|---|
| 001 | 3750505 | ||
| 005 | 20171221034100.0 | ||
| 008 | 820521s1982 nyu b 001 0 eng | ||
| 010 | _a 82008500 | ||
| 020 |
_a047186529X : _c$16.95 |
||
| 040 |
_aDLC _cDLC _dDLC |
||
| 041 | _aeng | ||
| 080 | _a658.409 ELF | ||
| 082 | 0 | 0 |
_a658.409 ELF _219 |
| 100 | 1 | _a 53 | |
| 101 | _aMEN | ||
| 245 | 1 | 4 |
_aThe hidden agenda : _cPriscilla Elfrey. |
| 504 | _aBibliography: p. 197-199. | ||
| 906 |
_a7 _bcbc _corignew _d1 _eocip _f19 _gy-gencatlg |
||
| 942 |
_2ddc _cBK |
||
| 999 |
_c39255 _d39255 |
||